000 00473nam a2200181Ia 4500
008 100920s9999 xx 000 0 und d
082 _b89944
_a24 न 03
100 _aCHANDER KRISHAN.
245 _aSEVEN FACES OF LONDON.
260 _bASIA PUBLISHING HOUSE.
_c2003
300 _a104
_bसाधी
365 _b150
520 _aसायो.
630 _aSEVEN FACES OF LONDON.
650 _aसायो.
730 _aSEVEN FACES OF LONDON.
942 _cBOOK
999 _c730437
_d730434